| 000 | 00593cab a2200229 4500 | ||
|---|---|---|---|
| 001 | X2664 | ||
| 008 | 090401t1991 xxu||||| |||| 00| 0 eng d | ||
| 035 | _a(Sirsi) u25669 | ||
| 041 | _aeng | ||
| 100 | _aLizieri, C. | ||
| 245 | 4 | _aThe property market in a changing world economy | |
| 260 | _c1991 | ||
| 350 | _a0 | ||
| 490 |
_aJournal of Property Valuation and Investment _v9(3) Spring 1991, 201-214(14) |
||
| 650 | _aECONOMY | ||
| 650 | _aFORDISM | ||
| 650 | _aGLOBAL ECONOMY | ||
| 650 | _aPROPERTY MARKETS | ||
| 690 | _aECONOMIC AND SOCIAL | ||
| 942 | _n0 | ||
| 948 | _c04/03/1997 | ||
| 999 |
_c17250 _d17250 |
||